All the wrong ways to spell Kaela - Statistics

General Stats
  • This quiz has been taken 4 times
  • The average score is 7 of 16
Answer Stats
Answer % Correct
Kala
100%
Caela
67%
Kale
67%
Kayla
67%
Kela
67%
Aleak
33%
Challah
33%
Kalae
33%
Keala
33%
Kalea
33%
Kalla
33%
Keela
33%
Kelea
33%
Klea
33%
Chaela
0%
Kaya
0%
No matching quizzes found
Score Distribution
Percent of People with Each Score
Percentile by Number Answered
Your Score History
You have not taken this quiz